UM Logo

Para sa aking natatanging lolo/ (Record no. 11044)

MARC details
000 -LEADER
fixed length control field 00537nam a2200157 4500
005 - DATE AND TIME OF LATEST TRANSACTION
control field 20241210091602.0
008 - FIXED-LENGTH DATA ELEMENTS--GENERAL INFORMATION
fixed length control field 181009b ||||| |||| 00| 0 eng d
022 ## - INTERNATIONAL STANDARD SERIAL NUMBER
International Standard Serial Number 2094-8042
082 ## - DEWEY DECIMAL CLASSIFICATION NUMBER
Classification number DPer 370.105 M72 Jan-Dec 2011 v59-60
100 ## - MAIN ENTRY--PERSONAL NAME
9 (RLIN) 32021
Personal name Bagnol, Felix N.
245 ## - TITLE STATEMENT
Title Para sa aking natatanging lolo/
Statement of responsibility, etc. Felix N. Bagnol.
260 ## - PUBLICATION, DISTRIBUTION, ETC. (IMPRINT)
Place of publication, distribution, etc. Philippines:
Name of publisher, distributor, etc. Publishers Association of the Philippines, Inc.,
Date of publication, distribution, etc. c2011.
300 ## - PHYSICAL DESCRIPTION
Extent v60 n7, page 305:
Other physical details illustrations;
Dimensions 27cm.
650 #0 - SUBJECT ADDED ENTRY--TOPICAL TERM
9 (RLIN) 32022
Topical term or geographic name as entry element Heroes and heroine.
942 ## - ADDED ENTRY ELEMENTS (KOHA)
Source of classification or shelving scheme Dewey Decimal Classification
Koha item type Periodicals
Holdings
Withdrawn status Lost status Source of classification or shelving scheme Damaged status Not for loan Collection code Home library Current library Date acquired Total Checkouts Full call number Date last seen Price effective from Koha item type Public note
    Dewey Decimal Classification     Periodicals UM Digos College - LIC UM Digos College - LIC 10/09/2018   DPer 370.105 M72 Jan-Dec 2011 v. 59-60 10/09/2018 10/09/2018 Periodicals Periodical article